La Réponse est une station du métro parisien 2 - Statistiques

Statistiques générales
  • Ce quiz a été pris 57 fois
  • Le résultat moyen est 13 sur 20
Statistiques - réponses
Indice Réponse Ligne(s) % Correct
Capitale de l'Italie. Rome
100%
Deuxième frère de la fratrie. Cadet
94%
Demeure du présent américain. Maison Blanche
92%
Plus grand cimetière parisien intra-muros. Père Lachaise
92%
Chaîne de montagnes franco-espagnoles. Pyrénées
90%
Plus vieux pont de Paris. Pont Neuf
83%
Fleuve européen traversant l'Allemagne, l'Autriche, la Slovaquie, la Hongrie, la Croatie, la Serbie, la Roumanie, la Bulgarie, la Moldavie et l'Ukraine Danube
81%
Ville de Bretagne. Rennes
81%
Autre nom du ministère de l'économie. Bercy
77%
Prix littéraire français. Goncourt
77%
A popularisé la pomme de terre en France. Parmentier
65%
Un des principaux dirigeants de la lutte pour l'indépendance de la Bolivie qui a également donné son nom à la monnaie du pays. Bolivar
63%
Ville belge surnomée "La Cité Ardente" ou encore "l'Athènes du Nord". Liège
58%
Femme de lettre française, féministe, anarchiste et figure majeure de la Commune de Paris. Louise Michel
58%
Palais incendié en 1871 durant la Commune de Paris. Tuileries
52%
Poète martiniquais. Aimé Césair
50%
Bataille de la Seconde Guerre Mondiale s'étant déroulée en Libye. Bir-Hakeim
50%
Enseigne de fleuriste. Monceau
44%
Général Italien ou poisson ayant pour préfixe "demoiselle" et pour nom scientifique "Hypsypops rubicundus". Garibaldi
19%
Marque française de biscuits. St Michel
15%
Aucun quiz correspondant
Distribution des résultats
% des personnes avec chaque résultat
Percentile par nombre de réponses
Votre historique - résultats
Vous n’avez pas pris ce quiz